World apparel fibre consumption survey: 1995

Đã lưu trong:
Bibliografiske detaljer
Hovedforfatter: FAO
Format: Bog
Sprog:Undetermined
Udgivet: Rome FAO 1996
Fag:
Tags: Tilføj Tag
Ingen Tags, Vær først til at tagge denne postø!
Thư viện lưu trữ: Trung tâm Học liệu Trường Đại học Cần Thơ
LEADER 00467nam a2200181Ia 4500
001 CTU_16878
008 210402s9999 xx 000 0 und d
082 |a 670 
082 |b F218/1995 
100 |a FAO 
245 0 |a World apparel fibre consumption survey: 1995 
245 0 |c FAO 
260 |a Rome 
260 |b FAO 
260 |c 1996 
650 |a fibre 
904 |i Nguyễn Quang Điiền, 970611 
980 |a Trung tâm Học liệu Trường Đại học Cần Thơ